Countries of the World: 1992 - Statistics

General Stats
  • This quiz has been taken 21 times
  • The average score is 131 of 212
Answer Stats
Picture Answer % Correct
Albania
100%
Andorra
100%
Antigua and Barbuda
100%
Argentina
100%
Armenia
100%
Austria
100%
Bahamas
100%
Barbados
100%
Belgium
100%
Belize
100%
Benin
100%
Bolivia
100%
Botswana
100%
Angola
92%
Australia
92%
Azerbaijan
92%
Bahrain
92%
Bhutan
92%
Brazil
92%
Algeria
85%
Canada
85%
Chile
85%
China
85%
Colombia
85%
Bangladesh
77%
Brunei
77%
Bulgaria
77%
Cambodia
77%
Cameroon
77%
Central African Republic
77%
Chad
77%
Congo
77%
Croatia
77%
Cuba
77%
Cyprus
77%
Czechoslovakia
77%
Denmark
77%
Dominica
77%
Dominican Republic
77%
Estonia
77%
Finland
77%
Germany
77%
Greece
77%
Grenada
77%
Guyana
77%
Haiti
77%
Honduras
77%
Iceland
77%
Indonesia
77%
Iran
77%
Iraq
77%
Ireland
77%
Israel
77%
Italy
77%
Jamaica
77%
Japan
77%
Latvia
77%
Liechtenstein
77%
Luxembourg
77%
Malta
77%
Marshall Islands
77%
Mexico
77%
Afghanistan
69%
Burkina Faso
69%
Burundi
69%
Costa Rica
69%
Ecuador
69%
Egypt
69%
El Salvador
69%
Fiji
69%
France
69%
Gabon
69%
Gambia
69%
Ghana
69%
Guatemala
69%
Guinea
69%
Guinea-Bissau
69%
Hungary
69%
India
69%
Jordan
69%
Kazakhstan
69%
Kenya
69%
Kiribati
69%
Kuwait
69%
Laos
69%
Lebanon
69%
Liberia
69%
Malaysia
69%
Maldives
69%
Mali
69%
Moldova
69%
Mongolia
69%
Norway
69%
Peru
69%
Belarus
62%
Djibouti
62%
Equatorial Guinea
62%
Ivory Coast
62%
Kyrgyzstan
62%
Lithuania
62%
Madagascar
62%
Malawi
62%
Mauritius
62%
Micronesia
62%
Monaco
62%
Morocco
62%
Mozambique
62%
Nicaragua
62%
Pakistan
62%
Panama
62%
Paraguay
62%
Poland
62%
Romania
62%
Russia
62%
San Marino
62%
Slovenia
62%
Spain
62%
St. Kitts and Nevis
62%
St. Lucia
62%
St. Vincent and the Grenadines
62%
Suriname
62%
Syria
62%
Ukraine
62%
United Kingdom
62%
United States
62%
Yugoslavia
62%
Abkhazia
54%
Cape Verde
54%
Comoros
54%
Cook Islands
54%
Democratic Republic of Yemen
54%
Ethiopia
54%
Georgia
54%
Kosova
54%
Libya
54%
Macedonia
54%
Myanmar
54%
Namibia
54%
Nauru
54%
Nepal
54%
Netherlands
54%
New Zealand
54%
Niger
54%
Nigeria
54%
North Korea
54%
Oman
54%
Papua New Guinea
54%
Philippines
54%
Portugal
54%
Qatar
54%
Sao Tome and Principe
54%
Saudi Arabia
54%
Senegal
54%
Singapore
54%
Somalia
54%
South Korea
54%
Sri Lanka
54%
Sweden
54%
Switzerland
54%
Taiwan
54%
Thailand
54%
Togo
54%
Tonga
54%
Trinidad and Tobago
54%
Uganda
54%
Uruguay
54%
Vatican City
54%
Mauritania
46%
Palestine
46%
Republic of Yemen
46%
Rwanda
46%
Sierra Leone
46%
Solomon Islands
46%
South Africa
46%
Sudan
46%
Swaziland
46%
Tajikistan
46%
Tanzania
46%
Tunisia
46%
Turkey
46%
Turkmenistan
46%
Tuvalu
46%
United Arab Emirates
46%
Venezuela
46%
Vietnam
46%
Western Samoa
46%
Zaire
46%
Lesotho
38%
Republika Srpska
38%
Transnistria
38%
Vanuatu
38%
Zambia
38%
Zimbabwe
38%
Niue
31%
Northern Cyprus
31%
Seychelles
31%
South Ossetia
31%
Uzbekistan
31%
Bophuthatswana
23%
Bosnia and Herzegovina
23%
Bougainville
23%
Chechnya
23%
Ciskei
23%
Somaliland
23%
Gagauzia
15%
Transkei
15%
Sahrawi
8%
Tamil Eelam
8%
Tatarstan
8%
Venda
8%
Nagorno-Karabakh
0%
Vevcani
0%
No matching quizzes found
Score Distribution
Percent of People with Each Score
Percentile by Number Answered
Your Score History
You have not taken this quiz